Handbuch für Hochfrequenz und Elektro-Techniker. 5.Band

Salvato in:
Dettagli Bibliografici
Natura: Libro
Lingua:tedesco
Pubblicazione: Berlin : Verlag für Radio-Foto-Kinotechnik, [1957]
Tags: Aggiungi Tag
Nessun Tag, puoi essere il primo ad aggiungerne!!

MARC

LEADER 00000nam a22000003a 4500
001 stu36725
005 20150408180801.0
008 920618s1957----gw------------------ger-d
040 |a STU  |b slo 
041 0 |a ger 
044 |a gw 
245 |a Handbuch für Hochfrequenz und Elektro-Techniker. 5.Band 
260 |a Berlin :  |b Verlag für Radio-Foto-Kinotechnik,  |c [1957] 
300 |a 809 s 
996 |b 284M062549  |c M*7398/5-1  |l MMKN  |s A  |a 24  |w stu36725_0001